logo

Bir Sreshtho Munshi Abdur Rouf Library
Jhenaidah Cadet College

Sonar Taree / (Record no. 1832)

MARC details
000 -LEADER
fixed length control field 00571nam a2200229 a 4500
001 - CONTROL NUMBER
JCCL Control Number 1832
003 - CONTROL NUMBER IDENTIFIER
JCCL marc code BD-JhCC
005 - DATE AND TIME OF LATEST TRANSACTION
control field 20171024211207.0
008 - FIXED-LENGTH DATA ELEMENTS--GENERAL INFORMATION
fixed length control field 171024s2008 b ||||| |||| 00| 0 eng d
020 ## - INTERNATIONAL STANDARD BOOK NUMBER
International Standard Book Number 9840510711
035 ## - SYSTEM CONTROL NUMBER
system control number (BD-JhCC)1832
040 ## - CATALOGING SOURCE
Original cataloging agency BD-JhCC
Modifying agency BD-JhCC
041 ## - LANGUAGE CODE
Language code of Book eng
082 ## - DEWEY DECIMAL CLASSIFICATION NUMBER
DDC Edition number 23
Classification number 891.4415
Author mark and Year JAM 2008
100 ## - MAIN ENTRY--PERSONAL NAME
Personal name James, Brother,
245 ## - TITLE STATEMENT
Title Sonar Taree /
Statement of responsibility, etc Brother James
260 ## - PUBLICATION, DISTRIBUTION, ETC. (IMPRINT)
Place of publication, distribution, etc Dhaka :
Name of publisher, distributor, etc The university press limited,
Date of publication, distribution, etc 2008
300 ## - PHYSICAL DESCRIPTION
Pagination 138 p. :
Dimensions 22cm.
650 ## - SUBJECT ADDED ENTRY--TOPICAL TERM
Topical term or geographic name as entry element Bebgali poetry
942 ## - ADDED ENTRY ELEMENTS (KOHA)
Source of classification or shelving scheme Dewey Decimal Classification
Koha item type Books
Holdings
Source of classification or shelving scheme Damaged status Not for loan Home library Current library Shelving location Cost, normal purchase price Total Checkouts Full call number Barcode Date last seen Copy number Koha item type
Dewey Decimal Classification     JCC Rouf Library JCC Rouf Library General Stacks 200.00   891.4415 JAM 2008 2987 10/24/2017 C-1 Books
Dewey Decimal Classification     JCC Rouf Library JCC Rouf Library General Stacks 200.00   891.4415 JAM 2008 3318 10/28/2017 C-2 Books

JCC Library | Contacts | JCC Home

Last Update on 23 September 2017
Copyright @ 2017-2020 JCC Rouf Library
Rouf Library, Jhenidah Cadet College (JCC), Bangladesh